[Event "Palma De Mallorca GP 2017"]
[Site "Palma de Mallorca ESP"]
[Date "2017.11.24"]
[Round "8.2"]
[White "Nakamura,Hi"]
[Black "Harikrishna,P"]
[Result "1/2-1/2"]
[WhiteElo "2780"]
[BlackElo "2738"]

1.e4 c5 2.Nf3 e6 3.d4 cxd4 4.Nxd4 Nc6 5.Nc3 Qc7 6.f4 a6 7.a3 b5 8.Be3 Bb7
9.Nb3 Na5 10.Nxa5 Qxa5 11.Bd3 Qc7 12.O-O Nf6 13.Qe2 Bc5 14.Bxc5 Qxc5+ 15.Kh1 d5
16.e5 Nd7 17.Qg4 g6 18.Ne2 a5 19.h4 b4 20.axb4 axb4 21.Rxa8+ Bxa8 22.Ra1 Bb7
23.Kh2 Qb6 24.h5 Nc5 25.Qh4 Rg8 26.Qf2 d4 27.hxg6 hxg6 28.Qxd4 Qc6 29.Qf2 g5
30.Rd1 Nxd3 31.cxd3 Qc2 32.Rf1 Qxd3 33.fxg5 Qh7+ 34.Kg1 Rxg5 35.Ng3 Qg6 36.Qa7 Rxg3
37.Qb8+ Ke7 38.Qd6+ Ke8 39.Qb8+ Ke7 40.Qd6+ Ke8 41.Qb8+  1/2-1/2

[Event "Palma De Mallorca GP 2017"]
[Site "Palma de Mallorca ESP"]
[Date "2017.11.25"]
[Round "9.1"]
[White "Nakamura,Hi"]
[Black "Aronian,L"]
[Result "1/2-1/2"]
[WhiteElo "2780"]
[BlackElo "2801"]

1.e4 e5 2.Nf3 Nc6 3.Bb5 a6 4.Ba4 Nf6 5.O-O Be7 6.Re1 b5 7.Bb3 O-O 8.c3 d5
9.exd5 Nxd5 10.Nxe5 Nxe5 11.Rxe5 c6 12.Re1 Bd6 13.d3 Bf5 14.Qf3 Qh4 15.g3 Qh3
16.Bxd5 Bg4 17.Qg2 cxd5 18.Qxh3 Bxh3 19.Be3 Bf5 20.d4 Rfe8 21.Nd2 f6 22.Bf4 Bf8
23.Nf1 Rxe1 24.Rxe1 Rc8 25.f3 Kf7 26.Bd2 h5 27.Ne3 Be6 28.f4 Bd6 29.f5 Bd7
30.Rf1 Re8 31.Rf2 Bc6 32.Ng2 b4 33.cxb4 Bb5 34.Rf3 Re2 35.Bc3 Ke8 36.Rf2 Kd7
37.Nh4 Kc6 38.a3 Re8 39.Kg2 Be2 40.Nf3 Bd3 41.Ne1 Be2 42.Nf3 Bd3 43.Ne1 Be2  1/2-1/2

[Event "9th London Classic 2017"]
[Site "London ENG"]
[Date "2017.12.01"]
[Round "1.4"]
[White "Nakamura,Hi"]
[Black "Anand,V"]
[Result "1/2-1/2"]
[WhiteElo "2781"]
[BlackElo "2782"]

1.Nf3 Nf6 2.g3 d5 3.Bg2 c5 4.O-O g6 5.d4 cxd4 6.Nxd4 Bg7 7.Nb3 Nc6 8.Nc3 e6
9.e4 d4 10.Na4 O-O 11.c3 dxc3 12.Nxc3 e5 13.Be3 Bg4 14.f3 Be6 15.Nc5 Qe7
16.Nxe6 Qxe6 17.Qd2 Rfd8 18.Qf2 Bf8 19.h3 Bb4 20.Rac1 Rd3 21.Rfd1 Rad8 22.Rxd3 Rxd3
23.Bf1 Rd8 24.a3 Be7 25.g4 Kg7 26.Kh2 h6 27.h4 Nd4 28.g5 hxg5 29.hxg5 Nh7
30.Bh3 Qb3 31.f4 Nc6 32.Nd5 exf4 33.Bxf4 Bxg5 34.Bxg5 Nxg5 35.Qf6+ Kh6 36.Bg2 Nh7
37.Qxf7 Rf8 38.Qc7 Qxb2 39.Rh1 Qf2 40.Kh3 Rf7 41.Qg3 Qb2 42.Ne3 Nf6 43.Bf3 Kh7
44.Nf5  1/2-1/2

[Event "9th London Classic 2017"]
[Site "London ENG"]
[Date "2017.12.03"]
[Round "2.2"]
[White "Vachier Lagrave,M"]
[Black "Nakamura,Hi"]
[Result "1/2-1/2"]
[WhiteElo "2789"]
[BlackElo "2781"]

1.e4 c5 2.Nf3 d6 3.d4 cxd4 4.Nxd4 Nf6 5.Nc3 g6 6.Be3 Bg7 7.f3 O-O 8.Qd2 Nc6
9.Bc4 Bd7 10.h4 h5 11.Bb3 Rc8 12.O-O-O Ne5 13.Bg5 Rc5 14.Kb1 Re8 15.g4 hxg4
16.f4 Nc4 17.Qd3 Na5 18.Bxf6 exf6 19.Bd5 Nc6 20.Nxc6 bxc6 21.Bxf7+ Kxf7 22.Qxd6 Rxc3
23.Qxd7+ Qxd7 24.Rxd7+ Ke6 25.Rxg7 Rf3 26.Rxg6 Rxf4 27.Rg1 Rxe4 28.R6xg4 Rxg4
29.Rxg4 f5 30.Ra4 Rg8 31.b3 Rg4 32.Rxa7 f4 33.Kc1 f3 34.Kd2 Rxh4 35.Ra8 Rh2+
36.Kd3 Kf5 37.a4 Kg4 38.a5 Rh1 39.Rg8+ Kf4 40.Rf8+ Kg3 41.Rg8+ Kf4 42.Rf8+ Kg3
43.b4 f2 44.Kd4 f1=Q 45.Rxf1 Rxf1 46.Kc5 Rc1 47.Kxc6  1/2-1/2

[Event "9th London Classic 2017"]
[Site "London ENG"]
[Date "2017.12.04"]
[Round "3.2"]
[White "Nakamura,Hi"]
[Black "So,W"]
[Result "1/2-1/2"]
[WhiteElo "2781"]
[BlackElo "2788"]

1.c4 c5 2.Nf3 Nc6 3.d4 cxd4 4.Nxd4 Nf6 5.Nc3 e6 6.e4 Bb4 7.Nxc6 bxc6 8.Bd3 e5
9.O-O O-O 10.Be3 d5 11.exd5 Bxc3 12.bxc3 cxd5 13.Bg5 dxc4 14.Bxc4 Qc7 15.Bxf6 Qxc4
16.Bxe5 Bf5 17.Bd4 Rfe8 18.Qc1 h6 19.Qf4 Bg6 20.Qg3 Kh7 21.h4 f6 22.Rfd1 Re7
23.Rd2 Rae8 24.f3 Re2 25.Rxe2 Rxe2 26.a3 Qb3 27.Re1 Rxe1+ 28.Qxe1 Qxa3 29.c4 Qd3
30.Bxa7 Qxc4 31.Bf2  1/2-1/2

[Event "9th London Classic 2017"]
[Site "London ENG"]
[Date "2017.12.05"]
[Round "4.4"]
[White "Nakamura,Hi"]
[Black "Nepomniachtchi,I"]
[Result "1/2-1/2"]
[WhiteElo "2781"]
[BlackElo "2729"]

1.e4 c5 2.Nf3 d6 3.d4 cxd4 4.Nxd4 Nf6 5.Nc3 a6 6.g3 g6 7.Bg2 Bg7 8.O-O O-O
9.b3 Bd7 10.Bb2 Nc6 11.Nd5 Re8 12.c4 Nxd5 13.exd5 Nxd4 14.Bxd4 b5 15.Bxg7 Kxg7
16.Qd4+ Kg8 17.Rfc1 Qa5 18.h4 h5 19.c5 dxc5 20.Rxc5 Rac8 21.b4 Qb6 22.Rac1 Qd6
23.f4 Ra8 24.Rc7 Rac8 25.Rxc8 Rxc8 26.Rc5 Ra8 27.Qe5 Ra7 28.Rc3 f6 29.Qe3 Ra8
30.Qc5 Rc8 31.Qxd6 exd6 32.Rxc8+ Bxc8  1/2-1/2

[Event "9th London Classic 2017"]
[Site "London ENG"]
[Date "2017.12.06"]
[Round "5.5"]
[White "Adams,Mi"]
[Black "Nakamura,Hi"]
[Result "1/2-1/2"]
[WhiteElo "2715"]
[BlackElo "2781"]

1.e4 c5 2.Nf3 d6 3.d4 cxd4 4.Nxd4 Nf6 5.Nc3 g6 6.Be3 Bg7 7.f3 O-O 8.Qd2 Nc6
9.O-O-O d5 10.exd5 Nxd5 11.Nxc6 bxc6 12.Bd4 Bxd4 13.Qxd4 Qb6 14.Na4 Qc7 15.Nc5 Rd8
16.Bc4 Bf5 17.Bb3 Nb6 18.Qc3 h5 19.g3 Nd5 20.Qc4 e6 21.Rhe1 Qe7 22.Nd3 Nb6
23.Qc5 Rd6 24.Rd2 Nd7 25.Qc3 Bxd3 26.Rxd3 Rxd3 27.Qxd3 Nc5 28.Qc3 Rd8 29.a3 Qd6
30.Bc4 Na4 31.Qe3 Nb6 32.Be2 Qe7  1/2-1/2

[Event "9th London Classic 2017"]
[Site "London ENG"]
[Date "2017.12.08"]
[Round "6.3"]
[White "Nakamura,Hi"]
[Black "Carlsen,M"]
[Result "1/2-1/2"]
[WhiteElo "2781"]
[BlackElo "2837"]

1.e4 e5 2.Nf3 Nc6 3.d4 exd4 4.Nxd4 Nf6 5.Nxc6 bxc6 6.e5 Qe7 7.Qe2 Nd5 8.h4 Bb7
9.c4 Nb6 10.Rh3 Qe6 11.f4 O-O-O 12.a4 d5 13.a5 Nxc4 14.b3 Bb4+ 15.Kf2 Nxa5
16.Bd2 c5 17.Rxa5 Bxa5 18.Bxa5 Qf5 19.Nc3 Qxf4+ 20.Kg1 Rhe8 21.Nb5 a6 22.Rf3 Qxe5
23.Qxe5 Rxe5 24.Bxc7 Ree8 25.Bxd8 Rxd8 26.Na3 Rd7 27.Bd3 Kd8 28.Bxh7 g6 29.h5 gxh5
30.Rf6 Ke7 31.Rb6 Rc7 32.Nc2 a5 33.Ne3 c4 34.Bc2 Bc6 35.bxc4 dxc4 36.Ra6 a4
37.Bxa4 Be4 38.Ra5 Ke6 39.Rxh5 c3 40.Bb3+ Kd6 41.Bc2 Bxc2 42.Nxc2 Ke6 43.Kf2 f5
44.Rh3 Ke5 45.Rd3 Kf4 46.Rd4+ Kg5 47.Kf3 Rc8 48.Ra4 Rc7 49.Ra8 Kf6 50.Ra6+ Kg5
51.Nd4 Rc4 52.Ne6+ Kf6 53.Nf4+ Ke5 54.Nd3+ Kd5 55.Ra2 Kd4 56.Nc1 c2 57.Ra5 Rc3+
58.Kf4 Rc8 59.Rxf5 Re8 60.Rf7 Re1 61.Rd7+ Kc3 62.Rc7+ Kd2 63.Nb3+ Kd3 64.Nc5+ Kd4
65.Nb3+ Kd3 66.Nc5+ Kd4 67.Nb3+ Kd3 68.g4 Rf1+ 69.Kg5 Rb1 70.Nc5+ Ke3 71.Nb3 Kd3
72.Nc5+ Ke3 73.Nb3  1/2-1/2

[Event "9th London Classic 2017"]
[Site "London ENG"]
[Date "2017.12.09"]
[Round "7.4"]
[White "Aronian,L"]
[Black "Nakamura,Hi"]
[Result "1/2-1/2"]
[WhiteElo "2805"]
[BlackElo "2781"]

1.d4 Nf6 2.c4 e6 3.Nf3 d5 4.Nc3 Be7 5.Bf4 O-O 6.e3 c5 7.dxc5 Bxc5 8.Qc2 Nc6
9.Rd1 Qa5 10.a3 Re8 11.Nd2 e5 12.Bg5 Nd4 13.Qb1 Bf5 14.Bd3 Bxd3 15.Qxd3 Ne4
16.Nxd5 Nxg5 17.b4 Qd8 18.bxc5 Nde6 19.O-O Nxc5 20.Qb1 Rc8 21.f4 exf4 22.exf4 Nge4
23.Nxe4 Rxe4 24.Rde1 Rxe1 25.Rxe1 Rb8 26.Qb5 Nd7 27.h3 Nf6 28.Nxf6+ gxf6
29.Kh2 Qd6 30.Qf5 b6 31.c5 bxc5 32.Rc1 Kh8 33.Rxc5 Rg8 34.Rd5 Qb6 35.Rd7 Qc6
36.Rd2 Re8 37.Qh5 Qe4 38.Qh4 Qf5 39.Rb2 Re4 40.Qg3 Qg6 41.Qf2 Qf5 42.Rb8+ Kg7
43.Rb3 Qxf4+ 44.Rg3+ Kf8 45.Qxa7 Qe5  1/2-1/2

[Event "9th London Classic 2017"]
[Site "London ENG"]
[Date "2017.12.10"]
[Round "8.2"]
[White "Nakamura,Hi"]
[Black "Caruana,F"]
[Result "1/2-1/2"]
[WhiteElo "2781"]
[BlackElo "2799"]

1.d4 Nf6 2.c4 e6 3.Nc3 Bb4 4.Qc2 O-O 5.Nf3 c5 6.dxc5 Na6 7.g3 Nxc5 8.Bg2 Nce4
9.O-O Nxc3 10.bxc3 Be7 11.e4 d6 12.e5 dxe5 13.Nxe5 Qc7 14.Qe2 Nd7 15.Bf4 Nxe5
16.Bxe5 Bd6 17.Rfe1 Rb8 18.Rad1 Bxe5 19.Qxe5 Qxe5 20.Rxe5 b6 21.c5 Ba6 22.c6 Rbc8
23.Rd7 Rfd8 24.Re4 Rxd7 25.cxd7 Rd8 26.Ra4 Bb5 27.Rxa7 Kf8 28.Bf1 Bxd7 29.Rb7 e5
30.Bc4 b5 31.Bxb5 Be6 32.c4 Rd1+ 33.Kg2 Rc1 34.a4 Bxc4 35.Bxc4 Rxc4 36.a5 Ra4
37.Ra7 e4 38.Ra8+ Ke7 39.a6 Kf6 40.g4 e3 41.fxe3 Rxg4+ 42.Kf3 Ra4 43.a7  1/2-1/2

[Event "9th London Classic 2017"]
[Site "London ENG"]
[Date "2017.12.11"]
[Round "9.5"]
[White "Karjakin,Sergey"]
[Black "Nakamura,Hi"]
[Result "1/2-1/2"]
[WhiteElo "2760"]
[BlackElo "2781"]

1.d4 Nf6 2.c4 e6 3.Nf3 d5 4.Nc3 Be7 5.Bf4 O-O 6.e3 c5 7.dxc5 Bxc5 8.cxd5 Nxd5
9.Nxd5 exd5 10.a3 Nc6 11.Bd3 Bb6 12.O-O Qf6 13.b4 h6 14.b5 Nd4 15.h3 g5 16.Nxd4 gxf4
17.Qf3 Bxd4 18.exd4 Be6 19.Rfe1 Kh8 20.Re5 Rg8 21.Rae1 Rg7 22.g4 Rag8 23.Kf1 Rg5
24.Bc2 Rc8 25.Qd3 Kg8 26.Bd1 Kg7 27.Bf3 b6 28.Kg2 Rh8 29.Qd2 Rc8 30.Qd3 Rh8
31.Qd2 Rc8  1/2-1/2

[Event "chess.com Speed 5m+2spm 2017"]
[Site "chess.com INT"]
[Date "2017.12.16"]
[Round "3.1"]
[White "Karjakin,Sergey"]
[Black "Nakamura,Hi"]
[Result "1-0"]
[WhiteElo "2783"]
[BlackElo "2786"]

1.d4 Nf6 2.Bf4 e6 3.e3 c5 4.Nf3 Nc6 5.c3 d5 6.Nbd2 cxd4 7.exd4 Nh5 8.Be3 Qc7
9.g3 f5 10.Ne5 Nf6 11.Ndf3 Bd6 12.Nd3 O-O 13.Bg2 b6 14.O-O Ba6 15.Re1 Ne4
16.Bf4 Bxd3 17.Bxd6 Qxd6 18.Qxd3 a6 19.a4 h6 20.Rac1 Rfc8 21.h4 g6 22.Re2 Kg7
23.Rec2 Rcb8 24.Ra1 g5 25.Rcc1 g4 26.Ne1 Na5 27.Qd1 b5 28.Nd3 Nc6 29.b4 a5
30.axb5 Rxb5 31.Nf4 Rbb8 32.Bxe4 dxe4 33.Nxe6+ Qxe6 34.d5 Qf6 35.dxc6 Qxc6
36.Rxa5 Rd8 37.Qe2 Rxa5 38.bxa5 Qa4 39.a6 Rd3 40.Qb2 Qxa6 41.Ra1 Qc6 42.Qb8 Rd7
43.Ra8 e3 44.Qh8+ Kg6 45.Rg8+ Kf7 46.Qg7+ Ke6 47.Re8+ Kd6  1-0

[Event "chess.com Speed 5m+2spm 2017"]
[Site "chess.com INT"]
[Date "2017.12.16"]
[Round "3.2"]
[White "Nakamura,Hi"]
[Black "Karjakin,Sergey"]
[Result "1-0"]
[WhiteElo "2786"]
[BlackElo "2783"]

1.b3 e5 2.Bb2 Nc6 3.e3 Nf6 4.Bb5 Bd6 5.Na3 e4 6.Nc4 Be7 7.Bxc6 bxc6 8.f3 O-O
9.fxe4 Nxe4 10.Nf3 Bf6 11.Bxf6 Nxf6 12.O-O Ba6 13.d3 Bxc4 14.bxc4 d5 15.cxd5 cxd5
16.Nd4 Qe7 17.Nf5 Qe5 18.Qf3 g6 19.Nd4 Kg7 20.Rab1 c5 21.Nb3 Rfe8 22.Kh1 c4
23.dxc4 dxc4 24.Nd4 Rac8 25.Rb7 a5 26.Rb6 Ne4 27.Qxf7+ Kh8 28.Rb7 Ng5 29.Qf2 Re7
30.Nc6 Nh3 31.Qf3  1-0

[Event "chess.com Speed 5m+2spm 2017"]
[Site "chess.com INT"]
[Date "2017.12.16"]
[Round "3.5"]
[White "Karjakin,Sergey"]
[Black "Nakamura,Hi"]
[Result "1/2-1/2"]
[WhiteElo "2783"]
[BlackElo "2786"]

1.d4 Nf6 2.Bf4 e6 3.e3 c5 4.Nf3 Nc6 5.c3 d5 6.Nbd2 cxd4 7.exd4 Nh5 8.Be3 Bd6
9.Ne5 Nf6 10.Ndf3 Qc7 11.Nd3 Ng4 12.Bc1 O-O 13.g3 e5 14.dxe5 Ngxe5 15.Ndxe5 Nxe5
16.Nxe5 Bxe5 17.Bg2 Rd8 18.Bg5 f6 19.Be3 Qc4 20.Qb3 Bg4 21.Qxc4 dxc4 22.O-O Rd7
23.Rfe1 Rc8 24.Bxa7 b5 25.Be3 b4 26.Rec1 bxc3 27.bxc3 Rd3 28.Bf1 Bxc3 29.Bxd3 cxd3
30.Rab1 Kf7 31.h3 Bxh3 32.f3 d2 33.Rd1 Bf5 34.Rb7+ Kg6 35.g4 Bc2 36.f4 h5
37.gxh5+  1/2-1/2

[Event "chess.com Speed 5m+2spm 2017"]
[Site "chess.com INT"]
[Date "2017.12.16"]
[Round "3.3"]
[White "Karjakin,Sergey"]
[Black "Nakamura,Hi"]
[Result "1/2-1/2"]
[WhiteElo "2783"]
[BlackElo "2786"]

1.d4 Nf6 2.Bf4 e6 3.e3 c5 4.Nf3 d5 5.c3 Nc6 6.Nbd2 cxd4 7.exd4 Nh5 8.Be3 Bd6
9.Ne5 Nf6 10.Bf4 Qc7 11.Ndf3 O-O 12.Bd3 Ne4 13.Bg3 f6 14.Nxc6 bxc6 15.Qc2 Rb8
16.O-O Nxg3 17.Bxh7+ Kh8 18.hxg3 g5 19.Bd3 c5 20.g4 cxd4 21.Nxd4 Bc5 22.Nb3 Bb6
23.a4 Kg7 24.Bg6 a5 25.Bh5 f5 26.Rae1 Rf6 27.gxf5 Ba6 28.Rxe6 Bxf1 29.Kxf1 Qf4
30.Nd4 Bxd4 31.cxd4 Rbf8 32.Rxf6 Rxf6 33.Bg6 Qd6 34.g3 Qe7 35.Qd2 Rc6 36.Bh5 Qf6
37.Bg4 Rc4 38.Be2 Rxa4 39.g4 Qe7 40.Bf3 Qf6 41.Kg2 Rb4  1/2-1/2

[Event "chess.com Speed 5m+2spm 2017"]
[Site "chess.com INT"]
[Date "2017.12.16"]
[Round "3.6"]
[White "Nakamura,Hi"]
[Black "Karjakin,Sergey"]
[Result "1/2-1/2"]
[WhiteElo "2786"]
[BlackElo "2783"]

1.Nf3 Nf6 2.b3 d5 3.Bb2 e6 4.e3 Be7 5.d4 O-O 6.Bd3 b6 7.O-O Bb7 8.Nbd2 Nbd7
9.c4 c5 10.dxc5 Nxc5 11.Be2 Rc8 12.Rc1 h6 13.Ne5 Rc7 14.a3 dxc4 15.Ndxc4 Qa8
16.b4 Rd8 17.Nd2 Nfe4 18.Rc2 Nxd2 19.Rxd2 Rxd2 20.Qxd2 Ne4 21.Qd3 Nf6 22.Bf3 Bxf3
23.Nxf3 Qe4 24.Qxe4 Nxe4 25.Rc1 Rxc1+ 26.Bxc1 f6 27.Nd2 Nxd2 28.Bxd2 Kf7  1/2-1/2

[Event "chess.com Speed 5m+2spm 2017"]
[Site "chess.com INT"]
[Date "2017.12.16"]
[Round "3.4"]
[White "Nakamura,Hi"]
[Black "Karjakin,Sergey"]
[Result "1-0"]
[WhiteElo "2786"]
[BlackElo "2783"]

1.b3 e5 2.Bb2 Nc6 3.e3 g6 4.d4 exd4 5.Nf3 Bg7 6.Nxd4 Nxd4 7.Bxd4 Nf6 8.c4 O-O
9.Be2 d5 10.O-O dxc4 11.Bxc4 Qe7 12.Qc1 c6 13.Nd2 Be6 14.Qb2 Rfd8 15.Rac1 Bxc4
16.Rxc4 Rd5 17.Nf3 Rad8 18.Qc2 a6 19.h3 Ne8 20.Bc5 Qe6 21.Bb6 R8d7 22.Re4 Be5
23.Nd4 Qd6 24.f4 c5 25.fxe5 Qxb6 26.e6 fxe6 27.Nxe6 Rf7 28.Rxf7 Kxf7 29.Nf4 Qd6
30.Qc4 Nf6 31.Nxd5 b5 32.Qf1 Qxd5 33.Rf4 Qe5 34.Qf3 Kg7 35.Qb7+ Kh6 36.Qf3 Kg7
37.Qf2 h5 38.Qd2 Nd5 39.Rf3 Qa1+ 40.Rf1 Qe5 41.Rc1 Nf6 42.Qc3 Qxc3 43.Rxc3 Ne4
44.Rd3 Kf6 45.Kf1 Ke5 46.Rd8 Nc3 47.Ra8 Nxa2 48.Rxa6 Nc1 49.Ra5 Nxb3 50.Rxb5 Nd2+
51.Ke2 Ne4 52.Rb6 g5 53.g4 hxg4 54.hxg4 Kd5 55.Rb8 c4 56.Rd8+ Kc5 57.Kf3 Nd6
58.Rg8 Kb4 59.Rg6 Nb5 60.Rxg5 c3 61.Rxb5+ Kxb5 62.Ke2 Kc4 63.Kd1  1-0

[Event "chess.com Speed 1m+1spm 2017"]
[Site "chess.com INT"]
[Date "2017.12.16"]
[Round "3.28"]
[White "Nakamura,Hi"]
[Black "Karjakin,Sergey"]
[Result "1-0"]
[WhiteElo "2786"]
[BlackElo "2783"]

1.b3 Nf6 2.Bb2 c5 3.Nf3 Nc6 4.e3 g6 5.d4 cxd4 6.Nxd4 Bg7 7.Nxc6 bxc6 8.Be2 O-O
9.O-O a5 10.c4 d6 11.Nc3 Bb7 12.Qc2 Nd7 13.Rad1 c5 14.Nd5 Bxb2 15.Qxb2 a4
16.b4 Bxd5 17.cxd5 cxb4 18.Qxb4 Nc5 19.Rb1 Rb8 20.Qc3 Qc7 21.Bb5 Rb6 22.Bxa4 Qa7
23.Bb3 Rfb8 24.Rfc1 Rb4 25.h3 Qa3 26.Qd2 h5 27.Rc2 h4 28.Qc1 Qa5 29.Rc4 g5
30.Qc3 f6 31.Kh2 R4b5 32.Qc2 Qa3 33.Qg6+ Kf8 34.f4  1-0

[Event "chess.com Speed 3m+2spm 2017"]
[Site "chess.com INT"]
[Date "2017.12.16"]
[Round "3.18"]
[White "Nakamura,Hi"]
[Black "Karjakin,Sergey"]
[Result "1/2-1/2"]
[WhiteElo "2786"]
[BlackElo "2783"]

1.b3 d5 2.Bb2 Nf6 3.Nf3 Bg4 4.e3 e6 5.d4 Be7 6.Nbd2 O-O 7.Bd3 Nbd7 8.c4 c5
9.O-O cxd4 10.exd4 Rc8 11.c5 Bh5 12.b4 Bg6 13.Bxg6 hxg6 14.Re1 Ne8 15.b5 Bf6
16.Qb3 g5 17.h3 g6 18.Rac1 Ng7 19.a4 Re8 20.g4 Qc7 21.a5 a6 22.b6 Qf4 23.Qe3 Nb8
24.Bc3 Nc6 25.Nf1 Qxe3 26.Nxe3 Red8 27.Rcd1 Be7 28.Nc2 f6 29.Nb4 Nxb4 30.Bxb4 Kf7
31.Re3 Rc6 32.Ba3 Rdc8 33.Rde1 Bf8 34.Kg2 Be7 35.Bb2 Bf8 36.Kf1 Ne8 37.R3e2 Ng7
38.Kg2 Be7 39.Bc1 Bd8 40.Bd2 Be7 41.Rd1 Bd8 42.Kg1 Be7 43.Bb4 Bf8 44.Kf1 Be7
45.Ne1 e5 46.dxe5 Bxc5 47.exf6 Bxb4 48.fxg7 Bxa5 49.Rxd5 Bxe1 50.Rd7+ Kg8
51.Rxe1 Rxb6 52.Re5 Ra8 53.Ra5 Kh7 54.Rxg5 Rg8 55.h4 Rxg7 56.Rd8 Rf7 57.h5 Kh6
58.Rdd5 Rbf6 59.Kg1 Rxf2 60.Rxg6+ Kh7 61.Rdd6 R7f3 62.Rd7+ Kh8 63.Rd1 Rf7
64.g5 R2f4 65.Rh6+ Kg7 66.Rg6+ Kh8 67.Rd8+ Kh7 68.Rh6+ Kg7 69.Rg6+ Kh7 70.Rh6+ Kg7
71.Rg6+ Kh7  1/2-1/2

[Event "chess.com Speed 1m+1spm 2017"]
[Site "chess.com INT"]
[Date "2017.12.16"]
[Round "3.29"]
[White "Karjakin,Sergey"]
[Black "Nakamura,Hi"]
[Result "1/2-1/2"]
[WhiteElo "2783"]
[BlackElo "2786"]

1.d4 Nf6 2.Bf4 e6 3.e3 c5 4.Nf3 d5 5.c3 Nc6 6.Nbd2 cxd4 7.exd4 Nh5 8.Be3 Bd6
9.Ne5 Nf6 10.Ndf3 Qc7 11.Bf4 Nd7 12.Qe2 O-O 13.g3 Re8 14.Bg2 f6 15.Nxd7 Bxd7
16.Bxd6 Qxd6 17.O-O e5 18.dxe5 fxe5 19.Rad1 e4 20.Nd4 Ne5 21.Qd2 Bg4 22.Rde1 Qf6
23.b3 Nf3+ 24.Bxf3 exf3 25.Rxe8+ Rxe8 26.Re1 Re4 27.Re3 Qh6 28.Qd3 Qh3 29.Qf1 Qh6
30.Nc2 Qf6 31.Qb5 Qc6 32.Qxc6 bxc6 33.Rxe4 dxe4 34.Kf1 Kf7 35.Ke1 Ke6 36.Kd2 Ke5
37.c4 c5 38.Kc3 a5 39.a3 Be6 40.b4 axb4+ 41.axb4 Kd6 42.Ne3 g5 43.Nd1 Bf7
44.Kb3 Kc6 45.Ne3 Be6 46.Kc3 Bf7 47.Nf1 g4 48.bxc5 Kxc5 49.Nd2 e3 50.fxe3 Bg6
51.e4 h6 52.Kd3 h5 53.Nb3+ Kb4 54.Nd2 Kc5 55.Nf1 Bf7 56.Ne3 Bg6 57.Nd1 Bf7
58.Ne3 Bg6 59.Nf1 Bh7 60.Nd2 Bg6 61.Ke3 Bf7 62.e5 Bg6 63.Nb3+ Kxc4 64.Nd2+ Kd5
65.h4 Kxe5 66.Kf2 Kd4 67.Nf1  1/2-1/2

[Event "chess.com Speed 3m+2spm 2017"]
[Site "chess.com INT"]
[Date "2017.12.16"]
[Round "3.17"]
[White "Karjakin,Sergey"]
[Black "Nakamura,Hi"]
[Result "1/2-1/2"]
[WhiteElo "2783"]
[BlackElo "2786"]

1.c4 Nf6 2.Nc3 e6 3.e4 d5 4.e5 d4 5.exf6 dxc3 6.bxc3 Qxf6 7.Nf3 e5 8.Bd3 Bd6
9.O-O O-O 10.Be4 Re8 11.Re1 Nc6 12.d4 h6 13.c5 Bf8 14.Bxc6 Qxc6 15.Nxe5 Qd5
16.Bf4 f6 17.c4 Qd8 18.Nf3 Rxe1+ 19.Qxe1 Bg4 20.Qe4 Bxf3 21.gxf3 c6 22.Re1 Qd7
23.Re2 Rd8 24.Rd2 Re8 25.Qg6 Re1+ 26.Kg2 Rc1 27.Re2 Rxc4 28.Re8 Qf7 29.Qe4 f5
30.Qe2 Rxd4 31.Bd6 Qg6+ 32.Kh3 Qh5+ 33.Kg2 Qg6+ 34.Kh3 Qh5+  1/2-1/2

[Event "chess.com Speed 1m+1spm 2017"]
[Site "chess.com INT"]
[Date "2017.12.16"]
[Round "3.27"]
[White "Karjakin,Sergey"]
[Black "Nakamura,Hi"]
[Result "1/2-1/2"]
[WhiteElo "2783"]
[BlackElo "2786"]

1.c4 Nf6 2.Nc3 e6 3.d4 d5 4.Nf3 Be7 5.Bf4 O-O 6.e3 c5 7.dxc5 Bxc5 8.a3 Nc6
9.h3 dxc4 10.Bxc4 a6 11.O-O b5 12.Bd3 Bb7 13.Qe2 Be7 14.Ne4 Nd5 15.Bg3 f5
16.Ned2 Bd6 17.e4 Nf4 18.Bxf4 Bxf4 19.Rad1 Qc7 20.Nb3 Ne5 21.Nxe5 Qxe5 22.Rfe1 Rad8
23.exf5 Qxe2 24.Rxe2 exf5 25.Nc5 Bc8 26.Rde1 Bd6 27.Ne6 Bxe6 28.Rxe6 Bxa3
29.bxa3 Rxd3 30.Rxa6 Rd7 31.Re5 Rb7 32.Ra5 b4 33.axb4 Rxb4 34.Ra7 Rb1+ 35.Kh2 Rb6
36.Ree7 Rg6 37.h4 h6 38.f3 f4 39.Re4 Kh7 40.Raa4 Rgf6 41.Kh3 h5 42.Ra5 Rf5
43.Raa4 R8f7 44.Kh2 g6 45.Kh3 R5f6 46.Kh2 Kg7 47.Re8 Rf8 48.Re7+ R8f7 49.Re8 Rf8
50.Re7+ R6f7 51.Ree4 Kh6 52.Re6 Rf6 53.Re7 R8f7 54.Re8 Rf8 55.Re7 R6f7 56.Re6 Rf6
57.Re7 R8f7 58.Re8 Rf8 59.Re7 R6f7 60.Re6  1/2-1/2

[Event "chess.com Speed 1m+1spm 2017"]
[Site "chess.com INT"]
[Date "2017.12.16"]
[Round "3.26"]
[White "Nakamura,Hi"]
[Black "Karjakin,Sergey"]
[Result "1-0"]
[WhiteElo "2786"]
[BlackElo "2783"]

1.b3 Nf6 2.Bb2 d5 3.Nf3 c6 4.g3 h6 5.Bg2 Bf5 6.O-O e6 7.d3 Be7 8.Nbd2 O-O
9.Ne5 Nbd7 10.e4 Bh7 11.Qe2 a5 12.a3 Nxe5 13.Bxe5 Nd7 14.Bb2 Bf6 15.e5 Be7
16.h4 Qb6 17.Kh2 a4 18.b4 c5 19.c3 Rfd8 20.Rfd1 Qc7 21.d4 cxd4 22.cxd4 Nb6
23.Rac1 Qd7 24.Bf1 Rdc8 25.Qb5 Bc2 26.Qxd7 Nxd7 27.Re1 Nb6 28.Bb5 g5 29.hxg5 hxg5
30.f3 Kg7 31.Kg2 Kg8 32.Nf1 Kg7 33.Ne3 Bb3 34.Rxc8 Rxc8 35.Rc1 Nc4 36.Bxc4 dxc4
37.d5 Bd8 38.Bd4 b5 39.d6 f5 40.f4 Kg6 41.Kf3 g4+ 42.Ke2 c3 43.Bc5 c2 44.Nxc2 Bxc2
45.Rxc2 Rb8 46.Be3 Rb7 47.Rc8  1-0

[Event "chess.com Speed 1m+1spm 2017"]
[Site "chess.com INT"]
[Date "2017.12.16"]
[Round "3.25"]
[White "Karjakin,Sergey"]
[Black "Nakamura,Hi"]
[Result "0-1"]
[WhiteElo "2783"]
[BlackElo "2786"]

1.e4 e5 2.Nf3 Nc6 3.Bc4 Bc5 4.d3 Nf6 5.c3 d6 6.O-O a6 7.a4 Ba7 8.Nbd2 O-O
9.Re1 Ng4 10.Re2 Kh8 11.Nf1 f5 12.h3 fxe4 13.dxe4 Nf6 14.Ng3 Qe8 15.Be3 Bxe3
16.Rxe3 Nh5 17.Nxh5 Qxh5 18.Be2 Qg6 19.Nd2 Nd8 20.Bg4 Ne6 21.Bf5 Qh6 22.Bxe6 Bxe6
23.Qe2 Rf6 24.Rf3 Raf8 25.Rxf6 Qxf6 26.f3 Qg5 27.Kh2 Rf6 28.Nf1 Qf4+ 29.Kg1 Rg6
30.Kh1 Qh4 31.Nh2 h5 32.a5 Qg3 33.b4 Bc4 34.Qd2 c6 35.Nf1 Qh4 36.Ne3 Be6
37.Nf1 d5 38.exd5 Bxd5 39.Nh2 e4 40.Rf1 exf3 41.Nxf3 Qg3 42.Qe2 Kh7 43.c4 Bxc4  0-1

[Event "chess.com Speed 1m+1spm 2017"]
[Site "chess.com INT"]
[Date "2017.12.16"]
[Round "3.24"]
[White "Nakamura,Hi"]
[Black "Karjakin,Sergey"]
[Result "0-1"]
[WhiteElo "2786"]
[BlackElo "2783"]

1.b3 Nf6 2.Bb2 d5 3.e3 c6 4.Nf3 Bg4 5.Be2 Nbd7 6.O-O e6 7.d4 Bd6 8.Nbd2 O-O
9.c4 Ne4 10.Nxe4 dxe4 11.Nd2 Bxe2 12.Qxe2 f5 13.f3 exf3 14.Qxf3 Qg5 15.Qe2 Nf6
16.Rf3 Ne4 17.Nxe4 fxe4 18.Rff1 Qh4 19.g3 Qh3 20.Qg2 Qg4 21.Rxf8+ Rxf8 22.Rf1 Rf3
23.Rxf3 exf3 24.Qf2 h5 25.Kf1 Qe4 26.Bc1 h4 27.gxh4 Qd3+ 28.Kg1 Qd1+ 29.Qf1 Qc2
30.Qxf3 Qxc1+ 31.Kg2 Qc2+ 32.Kf1  0-1

[Event "chess.com Speed 1m+1spm 2017"]
[Site "chess.com INT"]
[Date "2017.12.16"]
[Round "3.23"]
[White "Karjakin,Sergey"]
[Black "Nakamura,Hi"]
[Result "1-0"]
[WhiteElo "2783"]
[BlackElo "2786"]

1.c4 Nf6 2.Nc3 e6 3.e4 d5 4.e5 d4 5.exf6 dxc3 6.bxc3 Qxf6 7.Nf3 b6 8.d4 Bb7
9.Bd3 Bxf3 10.Qxf3 Qxf3 11.gxf3 Bd6 12.a4 Nc6 13.Be4 Kd7 14.Ke2 Rae8 15.Bxc6+ Kxc6
16.f4 g6 17.Be3 Rb8 18.h3 Rhe8 19.Rhb1 Be7 20.Kd3 a6 21.Rb3 Ra8 22.Rbb1 Bd6
23.Ke2 Be7 24.Kd3 Reb8 25.Ke2 Bd6 26.Kd3 Re8 27.Ke2 Kd7 28.Kd3 Ke7 29.a5 Red8
30.axb6 cxb6 31.Rxb6 a5 32.Ra4 Kf6 33.Rb5 Bc7 34.Ke4 Rdc8 35.c5 Ke7 36.c4 Rd8
37.d5 f5+ 38.Kd4 Kd7 39.d6 Kc6 40.Ke5 Bb8  1-0

[Event "chess.com Speed 1m+1spm 2017"]
[Site "chess.com INT"]
[Date "2017.12.16"]
[Round "3.22"]
[White "Nakamura,Hi"]
[Black "Karjakin,Sergey"]
[Result "1/2-1/2"]
[WhiteElo "2786"]
[BlackElo "2783"]

1.b3 Nf6 2.Bb2 d5 3.Nf3 Bg4 4.g3 e6 5.Bg2 Nbd7 6.O-O Be7 7.d3 O-O 8.Nbd2 c6
9.h3 Bh5 10.g4 Bg6 11.Nh4 Ne8 12.Nxg6 hxg6 13.e3 a5 14.a4 Bf6 15.d4 g5 16.c4 g6
17.e4 dxe4 18.Nxe4 Be7 19.d5 exd5 20.cxd5 cxd5 21.Qxd5 Nef6 22.Nxf6+ Bxf6
23.Bxf6 Nxf6 24.Qxg5 Qb6 25.Rad1 Rad8 26.Qf4 Kg7 27.g5 Nh5 28.Qe5+ Kg8 29.Rxd8 Qxd8
30.Bxb7 Re8 31.Qb5 Nf4 32.Bg2 Re6 33.Qc5 Rd6 34.Qe5 Nxg2 35.Kxg2 Rd5 36.Qe4 Qxg5+
37.Kh1 Rf5 38.f4 Qh4 39.Qf3 Rc5 40.Qe3 Rh5 41.Kg2 Rf5 42.Qe4 Kh7 43.b4 axb4
44.Qxb4 Qd8 45.Qb3 Qd4 46.Rf2 Qe4+ 47.Kh2 Qd4 48.Kg2 Qe4+ 49.Kh2 Qd4 50.Kg2 Qe4+  1/2-1/2

[Event "chess.com Speed 1m+1spm 2017"]
[Site "chess.com INT"]
[Date "2017.12.16"]
[Round "3.21"]
[White "Karjakin,Sergey"]
[Black "Nakamura,Hi"]
[Result "1/2-1/2"]
[WhiteElo "2783"]
[BlackElo "2786"]

1.e4 e6 2.d4 b6 3.Nc3 Bb7 4.Bd3 Bb4 5.Ne2 Nf6 6.a3 Be7 7.O-O d5 8.exd5 Nxd5
9.Ne4 Nd7 10.c4 N5f6 11.Qc2 Bxe4 12.Bxe4 Nxe4 13.Qxe4 O-O 14.Rd1 Nf6 15.Qc2 Qd7
16.Bf4 Bd6 17.Bg5 Be7 18.h3 h6 19.Be3 Rad8 20.Rd3 c5 21.Rad1 cxd4 22.Nxd4 Qc8
23.Qa4 Rd7 24.Nc6 Rb7 25.b4 Rc7 26.b5 Qb7 27.Bf4 Bc5 28.Bxc7 Qxc7 29.Qc2 Ne4
30.Rf3 Ng5 31.Rfd3 Ne4 32.Rf1 Qf4 33.Qe2 Ng3 34.Qf3 Qxf3 35.gxf3 Nxf1 36.Kxf1 Ra8
37.a4 a6 38.Rd8+ Rxd8 39.Nxd8 axb5 40.cxb5 Kf8 41.Nc6 f6 42.a5 bxa5 43.Nxa5 Ke8
44.Nc4 Kd7 45.Kg2 e5 46.Kg3 Ke6 47.f4 exf4+ 48.Kxf4 Bxf2 49.Kf3 Bc5 50.h4 h5
51.b6 Bd6 52.b7 Bc7 53.Ne3 g5 54.hxg5 fxg5 55.Ke4 Bb8 56.Nf5 Kf6 57.Nd4 g4
58.Nc6 Bc7 59.b8=Q Bxb8 60.Nxb8 Kg5 61.Ke3 Kh4 62.Kf2 Kh3 63.Kg1 h4 64.Nc6 Kg3
65.Nd4 h3 66.Nf5+ Kf4  1/2-1/2